Paris-Salon (Record no. 153631)

MARC details
000 -LEADER
campo de control de longitud fija 00571nam a22001695i 4500
001 - NÚMERO DE CONTROL
campo de control 153631
003 - IDENTIFICADOR DE NÚMERO DE CONTROL
campo de control ES-MaACL
005 - FECHA Y HORA DE LA ÚLTIMA TRANSACCIÓN
campo de control 20230906205321.0
008 - DATOS DE LONGITUD FIJA--INFORMACIÓN GENERAL
campo de control de longitud fija 041019s1882 fr |||| | fre d
040 ## - FUENTE DE CATALOGACIÓN
Centro catalogador/agencia de origen CAM
Lengua de catalogación spa
Centro/agencia transcriptor CAM
100 1# - ENTRADA PRINCIPAL--NOMBRE DE PERSONA
Nombre de persona Enault, Louis.
9 (RLIN) 47170
245 10 - MENCIÓN DEL TÍTULO
Título Paris-Salon
Resto del título : 1882 /
Mención de responsabilidad, etc. par Louis Énault.
260 ## - PUBLICACIÓN, DISTRIBUCIÓN, ETC.
Lugar de publicación, distribución, etc. Paris :
Nombre del editor, distribuidor, etc. E. Bernard et C\pie\s, imprimeurs-éditeurs,
Fecha de publicación, distribución, etc. 1882 (
Fabricante Imp. E. Bernard)
300 ## - DESCRIPCIÓN FÍSICA
Extensión v. ;
Dimensiones 22 cm.
597 ## - NOTA DE DESCRIPCIÓN FÍSICA
NOTA DE DESCRIPCIÓN FÍSICA T. II (sin paginar: 36 h. de lám.)
852 ## - LOCALIZACIÓN
Ubicación ES-MaACL
Número de control de estantería F-11792
Nota libre -- Enc. pasta española
condición física -- Solo 2me. volume
Holdings
Estatus retirado Estado de pérdida Estado de daño No para préstamo Colección Biblioteca de origen Biblioteca actual Ubicación en estantería Fecha de adquisición Fuente de adquisición Total de préstamos Signatura topográfica completa Código de barras Visto por última vez Precio de reemplazo Tipo de ítem Koha
        Libros del s. XIX Biblioteca del Ateneo de Madrid Biblioteca del Ateneo de Madrid Sala Pecera Planta 2 17/01/2008     F-11792 1160605 23/02/2023 23/02/2023 Libro impreso antiguo